Academic periodicals collection
Đã lưu trong:
| Formáid: | Leabhar |
|---|---|
| Teanga: | Undetermined |
| Foilsithe: |
New York
Ebsco
2004
|
| Ábhair: | |
| Clibeanna: |
Cuir Clib Leis
Gan Chlibeanna, Bí ar an gcéad duine leis an taifead seo a chlibeáil!
|
| Thư viện lưu trữ: | Trung tâm Học liệu Trường Đại học Cần Thơ |
|---|
| LEADER | 00417nam a2200157Ia 4500 | ||
|---|---|---|---|
| 001 | CTU_103452 | ||
| 008 | 210402s9999 xx 000 0 und d | ||
| 082 | |a 378 | ||
| 082 | |b A168/D.5 | ||
| 245 | 0 | |a Academic periodicals collection | |
| 260 | |a New York | ||
| 260 | |b Ebsco | ||
| 260 | |c 2004 | ||
| 650 | |a Education,University and colleges | ||
| 904 | |i Truc | ||
| 980 | |a Trung tâm Học liệu Trường Đại học Cần Thơ | ||